Biblioteca

Diccionario teológico del Nuevo Testamento / Lothar Coenen, Erich Beyreuther & Hans Bietenhard ; Edición preparada por Mario Sala & Araceli Herrera (Registro nro. 45043)

Detalles MARC
000 -LÍDER
Campo fijo de descripción fija 01588cam a2200337 i 4500
001 - NÚMERO DE CONTROL
Campo de control 18627
003 - IDENTIFICADOR DEL NÚMERO DE CONTROL
Campo de control CO-MdFUSB
005 - FECHA Y HORA DE LA ULTIMA TRANSACCIÓN
control field 20220622124209.0
008 - ELEMENTOS DE LONGITUD FIJA -- INFORMACIÓN GENERAL
Campo fijo de descripción fija -- Información general 220622t2003 sp ||||| |||| 00| 0 spa d
020 ## - NÚMERO INTERNACIONAL NORMALIZADO PARA LIBROS
Número Internacional Normalizado del libro 8430108130
040 ## - FUENTE DE CATALOGACIÓN
Idioma de catalogación spa.
Agencia de catalogación original CO-MdFUSB
Agencia que realiza la transcripción CO-MdFUSB
Agencia que realiza la modificación CO-MdFUSBC
Convenciones de la descripción rda
041 ## - CÓDIGO DE IDIOMA
Código de idioma para texto/pista de sonido o título separado spa
082 04 - NÚMERO DE CLASIFICACIÓN DECIMAL DEWEY
Número de clasificación 225.3
Clave de autor-Numero de item C6729e
100 1# - ASIENTO PRINCIPAL--NOMBRE PERSONAL
Nombre personal Coenen, Lothar
245 10 - TÍTULO
Título del Material Diccionario teológico del Nuevo Testamento / Lothar Coenen, Erich Beyreuther & Hans Bietenhard ; Edición preparada por Mario Sala & Araceli Herrera
Mención de responsabilidad, etc. /
250 ## - MENCIÓN DE EDICIÓN
Mención de edición Quinta edición
264 #1 - PRODUCCIÓN, PUBLICACIÓN, DISTRIBUCIÓN, MANUFACTURA, Y COPYRIGHT
Lugar de producción, publicación, distribución, manufactura Salamanca, España :
Nombre del productor, publicador, distribuidor Ediciones Sígueme,
Fecha de producción, publicación, distribución, manufactura, o copyright [2003]
264 #4 - PRODUCCIÓN, PUBLICACIÓN, DISTRIBUCIÓN, MANUFACTURA, Y COPYRIGHT
Fecha de producción, publicación, distribución, manufactura, o copyright © 2003
300 ## - DESCRIPCIÓN FÍSICA
Extensión Volumen I: 878 páginas. Volumen II: 864 páginas
Dimensiones ;
336 ## - TIPO DE CONTENIDO
Fuente rdacontent
Término de tipo de contenido texto
Código de tipo de contenido txt
337 ## - TIPO DE MEDIO
Fuente rdamedia
Nombre del tipo de medio sin mediación
Código del tipo de medio n
338 ## - TIPO DE SOPORTE
Fuente rdacarrier
Nombre del tipo de soporte volumen
Código Tipo de soporte nc
500 ## - NOTA GENERAL
Nota General Título original en alemán: Theologisches Begriffslexikon zum Neuen Testament
501 ## - NOTA DE “CON”
Nota de Contenido pasta dura
505 ## - NOTA DE CONTENIDO
Nota de contenido con formato preestablecido La obra consta de dos volúmenes y en ella han colaborado 98 exegetas. Aúna los resultados de los estudios bíblicos más recientes con la praxis de las comunidades cristianas. El volumen I contiene las voces de «Abrahán¿ a «Luz¿ El segundo volumen, además de las voces restantes (de «Llamada¿ a «Yo soy¿), incluye el índice general, el índice de términos castellanos, el índice de términos del apartado «Para la praxis pastoral¿ y el índice de términos griegos.
653 ## - TÉRMINO DE INDIZACIÓN - NO CONTROLADO
Término no controlado Diccionario
653 ## - TÉRMINO DE INDIZACIÓN - NO CONTROLADO
Término no controlado Nuevo Testamento
653 ## - TÉRMINO DE INDIZACIÓN - NO CONTROLADO
Término no controlado Teología
942 ## - TIPO DE MATERIAL (KOHA)
Tipo de Item KOHA Libros General
945 ## - INFORMACIÓN LOCAL DEL REGISTRO
Catalogador estudiante
Existencias
Estado de Material Estado de Perdido Forma de Clasificación Estado de Dañado No para Préstamo Colección Tomo Biblioteca de Origen Biblioteca Permanente Fecha de Adquisición Total de Préstamos Signatura Topográfica Código de Barras Última vez visto Última vez Préstado Ejemplar/Existencia Fecha de Remplazo Tipo de Material
    Dewey Decimal Classification     Colección de Referencia   Biblioteca FUSBC Biblioteca FUSBC 25/09/2014 7 R 225.3 C6729e 18611 30/09/2025 08/11/2024 Vol.1, ej. 1 26/01/2016 Libros de Referencia
    Dewey Decimal Classification     Colección de Referencia   Biblioteca FUSBC Biblioteca FUSBC 25/09/2014 7 R 225.3 C6729e 18612 30/09/2025 06/11/2021 Vol. 2, ej. 1 26/01/2016 Libros de Referencia

Biblioteca FUSBC | Teléfono: (57+4) 349 88 10 Ext. 141| WhatsApp (+57) 3005338115 
E-mail: biblioteca@unisbc.edu.co | Calle 76 87-14 Robledo Palenque, Medellín, Colombia

Con tecnología Koha